Adirondacks Trivia - Statistics

General Stats
  • This quiz has been taken 32 times
  • The average score is 6 of 12
Answer Stats
Hint Answer % Correct
Name one of the three US States smaller than the Adirondack park Rhode Island, Delaware, and Connecticut
96%
The largest animal in New York State and a popular symbol of the Adirondacks Moose
80%
There are this many high peaks in the Adirondacks 46
76%
The highest point in New York state Mount Marcy
76%
The 1932 and 1980 Winter Olympic games were hosted in this town Lake Placid
72%
This president frequently visited the Adirondacks and was staying at there when his predecessor was shot Theodore Roosevelt
68%
The most populous town in the Adirondacks, named for the nearby lake Saranac Lake
52%
A popular winter motorsport with hundreds of miles of trails dedicated to it in the Adirondacks Snowmobiling
48%
The year the Adirondack state park was created 1892
24%
The largest amusement park in the Adirondacks, located in Old Forge Enchanted Forest Water Safari
20%
The name of both the largest natural lake and the longest river in the Adirondacks Raquette
12%
The town where Adirondack bats have been made since 1946 Dolgeville
0%
No matching quizzes found
Score Distribution
Percent of People with Each Score
Percentile by Number Answered
Your Score History
You have not taken this quiz